| 000 | 00829nam a2200253 a 4500 | ||
|---|---|---|---|
| 008 | 951027s1989||||[C 0 slo c | ||
| 020 |
_a8021700696 _c115 Kčs. _q(22000 výtl.) |
||
| 040 |
_aSNK _bslo _cSNK _eAACR2 |
||
| 041 | 1 |
_aslo _hslo |
|
| 044 |
_axo _cSK |
||
| 080 | _a581.9+591.9(243.372.4)(084.12) | ||
| 080 | _a591.9(243.372.4)(084.12) | ||
| 080 | _a591.9(243.372.4)(084.12) | ||
| 100 | 1 |
_aMihál, Ivor _4aut |
|
| 245 | 1 | 0 |
_aOtužilci Tatier _cIvor Mihál, Ivan Bohuš ; Jozef Radúch, Ivor Mihál |
| 250 | _a1., vyd. | ||
| 260 |
_aMartin _bOsveta _c1989 _eMartin _fTlačiarne SNP |
||
| 300 |
_a160 s., 48,53 AH _b16 s. cudzojazyč. text. príl. _c29 cm |
||
| 500 | _aFot. na front. a predsádkach. | ||
| 700 | 1 |
_aBohuš, Ivan _4aut |
|
| 700 | 1 |
_aRadúch, Jozef _4[ADC] |
|
| 700 | 1 |
_aMihál, Ivor _4bkd |
|
| 958 | _aA | ||
| 999 |
_c14970 _d14970 |
||